| 000 | 00328nam a2200097Ia 4500 | ||
|---|---|---|---|
| 008 | 160523s9999 xx 000 0 und d | ||
| 245 | _aSix Sigma Projects and Personal Experiences | ||
| 245 | _cEdited by Abdurrahman Coskun | ||
| 260 | _c2011 | ||
| 856 | _uhttp://www.intechopen.com/books/six-sigma-projects-and-personal-experiences | ||
| 999 |
_c294905 _d294905 |
||